Eastern Utah Libraries Catalog: Duchesne, Heber, Roosevelt, & Vernal

Baby sees : (Record no. 285888)

MARC details
000 -LEADER
fixed length control field 01721cam a2200469Ii 4500
001 - CONTROL NUMBER
control field ocn830367601
003 - CONTROL NUMBER IDENTIFIER
control field OCoLC
005 - DATE AND TIME OF LATEST TRANSACTION
control field 20200320193427.0
008 - FIXED-LENGTH DATA ELEMENTS--GENERAL INFORMATION
fixed length control field 130318t20132013nyua a 000 0 eng d
020 ## - INTERNATIONAL STANDARD BOOK NUMBER
International Standard Book Number 0448477874
Qualifying information (board book)
020 ## - INTERNATIONAL STANDARD BOOK NUMBER
International Standard Book Number 9780448477879
Qualifying information (board book)
020 ## - INTERNATIONAL STANDARD BOOK NUMBER
Terms of availability 6.99
029 1# - (OCLC)
OCLC library identifier NZ1
System control number 15801575
035 ## - SYSTEM CONTROL NUMBER
System control number (OCoLC)830367601
040 ## - CATALOGING SOURCE
Original cataloging agency YDXCP
Language of cataloging eng
Description conventions rda
Transcribing agency YDXCP
Modifying agency BDX
-- CLE
-- YW6
-- GO3
-- OCLCQ
-- WACOL
049 ## - LOCAL HOLDINGS (OCLC)
Holding library WACL
092 ## - LOCALLY ASSIGNED DEWEY CALL NUMBER (OCLC)
Classification number E
Item number Sas
245 00 - TITLE STATEMENT
Title Baby sees :
Remainder of title a first book of faces /
Statement of responsibility, etc [Dave Aikins, illustrator].
264 #1 - Production, Publication, Distribution, Manufacture, and Copyright Notice.
Place of production, publication, distribution, manufacture New York, New York :
Name of producer, publisher, distributor, manufacturer Grosset & Dunlap,
Date of production, publication, distribution, manufacture, or copyr [2013]
264 #4 - Production, Publication, Distribution, Manufacture, and Copyright Notice.
Date of production, publication, distribution, manufacture, or copyr ©2013
300 ## - PHYSICAL DESCRIPTION
Extent 1 volume (unpaged) :
Other physical details color illustrations ;
Dimensions 18 cm.
336 ## - Content Type
Content type term text
336 ## - Content Type
Content type term still image
337 ## - Media type
Media type term unmediated
338 ## - Carrier type
Carrier type term volume
490 1# - SERIES STATEMENT
Series statement Sassy
500 ## - GENERAL NOTE
General note Cover title.
500 ## - GENERAL NOTE
General note On board pages.
521 1# - TARGET AUDIENCE NOTE
Target audience note Newborn and up.
520 ## - SUMMARY, ETC.
Summary, etc This board book is perfect for newborn babies. It features high-contrast black and white images of the faces that babies see the most, like Mom and Dad, along with an embedded mirror so baby can see him or herself.
650 #0 - SUBJECT ADDED ENTRY--TOPICAL TERM
Topical term or geographic name as entry element Face
Form subdivision Juvenile literature.
9 (RLIN) 5895813
655 #0 - INDEX TERM--GENRE/FORM
Genre/form data or focus term Toy and movable books.
9 (RLIN) 5895814
655 #0 - INDEX TERM--GENRE/FORM
Genre/form data or focus term Board books.
9 (RLIN) 5673758
700 1# - ADDED ENTRY--PERSONAL NAME
Personal name Aikins, Dave.
Relator code ill
9 (RLIN) 52770
830 #0 - SERIES ADDED ENTRY--UNIFORM TITLE
Uniform title Sassy.
9 (RLIN) 5861180
938 ## -
-- Brodart
-- BROD
-- 104593059
938 ## -
-- YBP Library Services
-- YANK
-- 10351124
942 ## - ADDED ENTRY ELEMENTS (KOHA)
Koha item type BOOK
948 ## - LOCAL PROCESSING INFORMATION (OCLC); SERIES PART DESIGNATOR (RLIN)
Series part designator, SPT (RLIN) 02/11/2015
z (OCLC) Sirsi
994 ## -
-- 02
-- WACOL
996 ## -
-- 115589
-- 34301001410366
-- EBB
-- bbk
-- wcl
-- i
-- 5
-- 6.99
-- penworthy
-- Sas
-- 02/20/2015
-- 07/14/2015
-- 07/07/2015
Holdings
Withdrawn status Lost status Source of classification or shelving scheme Damaged status Not for loan Collection code Home library Current library Shelving location Date acquired Source of acquisition Cost, normal purchase price Total Checkouts Full call number Barcode Date last seen Date checked out Cost, replacement price Price effective from Koha item type
  Missing Dewey Decimal Classification     Children Board Books Wasatch County Library Wasatch County Library Main Floor Childrens Area 02/20/2015 Penworthy 6.99 5 BB Sas 34301001410366 07/14/2015 07/07/2015 6.99 03/20/2020 BOOK
This project was made possible through a grant from the Institute of Museum and Library Service administered by the Utah State Library Division.

Wasatch County Library

  • 465 East 1200 South, Heber City, Utah 84032
  • Phone 435-654-1511 | Fax 435-654-6456

Hours

  • Monday - Friday 9:30 AM - 8:00 PM
  • Saturday 9:30 AM - 1:30 PM
  • Closed Sundays and Holidays